[Event "FRA-chT U20 Top"]
[Site "Bischwiller"]
[Date "2016.05.16"]
[Round "4"]
[White "Tuillier, Hugo"]
[Black "Maret, Simon"]
[Result "0-1"]
[WhiteElo "1001"]
[BlackElo "1173"]
[PlyCount "53"]
[EventDate "2016.05.14"]
[EventType "tourn"]
[EventRounds "11"]
[EventCountry "FRA"]
[SourceTitle "EXT 2019"]
[Source "ChessBase"]
[SourceDate "2018.10.10"]
[SourceVersion "1"]
[SourceVersionDate "2018.10.10"]
[SourceQuality "1"]

1. e4 e5 2. Nf3 Nc6 3. d4 exd4 4. Nxd4 Bb4+ 5. c3 Bc5 6. Be3 Bb6 7. Be2 Nf6 8. Nd2 0-0 9. 0-0 Re8 10. Qc2 Qe7 11. f3 Qd6 12. b3 Nxd4 13. cxd4 Bxd4 14. Bxd4 Qxd4+ 15. Kh1 c6 16. Qd3 Qxd3 17. Bxd3 d6 18. Nc4 g6 19. Rad1 d5 20. exd5 Nxd5 21. Nd6 Rd8 22. Kg1 Re8 23. Nxc8 Rd8 24. Rfe1 Raxc8 25. Re8+ Rxe8 26. Be4 Rcd8 27. Kf2 0-1